zpět

Detail výsledku týmu

A-Sport, Hradec Králové

Datum a čas kvízu

36 Celkem bodů Celkový počet nahraných bodů na tomto kvízu bez doplňovacích otázek.
3. Pořadí na kvízu Konečné umístění týmu na tomto kvízu.

Zaznamenané odpovědi

# Otázka Odpověď Body Výsledky
1. V úterý zaměstnalo policejní o... Helena Válková; ANO 1
2. Prezidenti Sadyr Žaparov a Imo... Kyrgyzstán, Tádžikistán 1
3. Režisérka a herečka Greta Gerw... Letopisy Narnie 0
4. Dozorčí rada Moravskoslezských... Hrušovany 1
5. Čeští reprezentanti porazili v... futsal 1
6. V příštích pěti otázkách vždy... C 1
7. Který prezident USA mohl v obd... Lyndon B. Johnson 1
8. Co nemohl během svého působení... B 1
9. Ze kterého města pocházel tým,... Zlín 0
10. O které z těchto událostí se z... B 1